[Event "Montpellier Masters op"]
[Site "?"]
[Date "1996.??.??"]
[Round "?"]
[White "Flear Glenn C"]
[Black "Relange Eloi"]
[Result "0-1"]
[WhiteElo "2475"]
[BlackElo "2460"]
[PlyCount "116"]
[EventDate "1996.??.??"]
[Source "www.chesslib.no"]
[SourceDate "2004.05.04"]

1. d4 Nf6 2. c4 g6 3. Nc3 Bg7 4. e4 d6 5. Bg5 O-O 6. Qd2 Nbd7 7. Nge2 a6 8. Ng3 c5 9. d5 b5 10. cxb5 Qa5 11. Be2 Nb6 12. O-O Re8 13. Rac1 Nfd7 14. Bh6 Bh8 15. h3 axb5 16. Bxb5 Ba6 17. Bxa6 Rxa6 18. b3 Bxc3 19. Rxc3 Qxa2 20. Qe3 Qb2 21. Kh2 Ra2 22. Kg1 Ne5 23. Rfc1 f6 24. Qe1 Rea8 25. Bf4 Nbd7 26. Be3 R8a3 27. Rb1 Qxb1 28. Qxb1 Ra1 29. Rc1 Rxb1 30. Rxb1 Nd3 31. Ne2 Nb8 32. Nf4 Nxf4 33. Bxf4 Na6 34. Bd2 Ra2 35. Be1 f5 36. exf5 gxf5 37. Kf1 Ra3 38. Ke2 Nc7 39. b4 Nxd5 40. bxc5 Nf4+ 41. Kf1 dxc5 42. Bd2 Nd3 43. Rb7 Kf7 44. Bg5 c4 45. Rxe7+ Kg6 46. Be3 Ra1+ 47. Ke2 Re1+ 48. Kd2 f4 49. Bc5 Rxe7 50. Bxe7 Nxf2 51. Kc3 Kf5 52. Bc5 Nd3 53. Kxc4 Ke4 54. Bg1 Ne1 55. Kc3 Nxg2 56. Kd2 Kf3 57. Bc5 Nh4 58. Ke1 Kg2 0-1

[Event "St Petersburg op"]
[Site "St Petersburg"]
[Date "1994.??.??"]
[Round "5"]
[White "Poluljahov, Aleksandr"]
[Black "Avrukh, Boris"]
[Result "0-1"]
[WhiteElo "2510"]
[BlackElo "2425"]
[PlyCount "38"]
[EventDate "1994.02.??"]
[Source "ChessBase"]

1. d4 Nf6 2. c4 g6 3. Nc3 Bg7 4. e4 d6 5. Bg5 h6 6. Bh4 c5 7. d5 e5 8. dxe6 Bxe6 9. f4 Nc6 10. Nf3 Qa5 11. Nd2 Ng4 12. Qf3 g5 13. Bg3 Nd4 14. Qd3 b5 15. cxb5 c4 16. Nxc4 Bxc4 17. Qxc4 Ne3 18. Qd3 Nec2+ 19. Kd1 Nxa1 0-1

[Event "Vrnjacka Banja"]
[Site "?"]
[Date "1988.??.??"]
[Round "?"]
[White "Rashkovsky, N."]
[Black "Hazai, L."]
[Result "1-0"]
[WhiteElo "2490"]
[BlackElo "2440"]
[PlyCount "51"]
[EventDate "1988.??.??"]
[Source "ChessBase"]
[SourceDate "1988.01.01"]

1. d4 Nf6 2. c4 g6 3. Nc3 Bg7 4. e4 d6 5. Bg5 h6 6. Bh4 c5 7. d5 O-O 8. Bd3 e6 9. dxe6 Bxe6 10. f4 Re8 11. Nf3 Bg4 12. O-O Nc6 13. h3 Bxf3 14. Qxf3 Qa5 15. Rae1 Rf8 16. Kh1 Rae8 17. Bb1 Nd4 18. Qf2 a6 19. e5 dxe5 20. fxe5 Nd7 21. Nd5 Rxe5 22. Rxe5 Nxe5 23. Bf6 Nd7 24. Be7 f5 25. Bxf8 Nxf8 26. g4 1-0